[Event "SV Horst-Emscher 1 - SK Sodingen/Castro"]
[Site "Regionalliga 2017/2018"]
[Date "2018.05.06"]
[Round "9.7"]
[White "Becker, Joerg"]
[Black "Jacubowski, Andreas"]
[Result "1-0"]
[WhiteElo "2123"]
[BlackElo "1876"]
[PlyCount "73"]
[EventDate "2018.??.??"]

1. d4 Nf6 2. Nf3 g6 3. g3 Bg7 4. Bg2 O-O 5. O-O c6 6. c4 d6 7. Nc3 Re8 8. h3
Nbd7 9. e4 e5 10. dxe5 dxe5 11. Be3 Qc7 12. Qc2 b6 13. Rfd1 Bb7 14. Rd2 Rad8
15. Rad1 h6 16. b4 Bf8 17. Qb3 Kg7 18. g4 Nh7 19. Qb2 f6 20. a3 Be7 21. Qc1 g5
22. Nh2 Ndf8 23. Nf1 Rxd2 24. Rxd2 Rd8 25. Ng3 Bc8 26. Nf5+ Bxf5 27. exf5 Rxd2
28. Qxd2 Nd7 29. Ne4 Nhf8 30. c5 Nb8 31. Bf1 Nfd7 32. Qa2 bxc5 33. bxc5 Qd8 34.
a4 h5 35. gxh5 Qg8 36. Bc4 Qh7 37. Bf7 1-0

[Event "SV Horst-Emscher 1 - SK Sodingen/Castro"]
[Site "Regionalliga 2017/2018"]
[Date "2018.05.06"]
[Round "9.8"]
[White "Konietzka, Bernd"]
[Black "Evertz, Dieter"]
[Result "1-0"]
[WhiteElo "1901"]
[BlackElo "1925"]
[PlyCount "97"]
[EventDate "2018.??.??"]

1. e4 d5 2. exd5 Qxd5 3. Nc3 Qd6 4. d4 c6 5. Nf3 Bg4 6. Be2 Nf6 7. O-O Nbd7 8.
Qd3 e6 9. Re1 Be7 10. Be3 Qb4 11. a3 Qa5 12. Qd1 Rd8 13. Nd2 Bxe2 14. Qxe2 Qf5
15. Rac1 Ng4 16. Nce4 Ndf6 17. Ng3 Qg6 18. f3 Nxe3 19. Qxe3 Nd5 20. Qf2 Bh4 21.
Nde4 O-O 22. f4 Ne7 23. Qe3 b6 24. c3 Rfe8 25. Rf1 Nf5 26. Qf3 Re7 27. Ne2 Rc7
28. Rcd1 Be7 29. Nc1 Nh4 30. Qe2 f5 31. Ng3 Qf7 32. Nd3 g5 33. Ne5 Qe8 34. Qc4
Rd5 35. Ne2 Bf6 36. fxg5 Bxg5 37. Nf4 Ng6 38. Nxd5 exd5 39. Qe2 f4 40. Qg4 Nxe5
41. Qxg5+ Ng6 42. Rde1 Qf7 43. h4 h5 44. Qxh5 Qf6 45. Qg4 Rg7 46. Re8+ Kf7 47.
Qd7+ Ne7 48. Rxf4 Qxf4 49. Rxe7+ 1-0

[Event "Weiße Dame Borbeck 1 - SC Hansa Dortmun"]
[Site "Regionalliga 2017/2018"]
[Date "2018.05.06"]
[Round "9.5"]
[White "Linker, Walter"]
[Black "Poetter, Clemens"]
[Result "1/2-1/2"]
[WhiteElo "2011"]
[BlackElo "2011"]
[PlyCount "24"]
[EventDate "2018.??.??"]

1. f4 d5 2. Nf3 Nf6 3. e3 Bg4 4. b3 g6 5. Bb2 Bg7 6. Be2 Nbd7 7. Ne5 Bxe2 8.
Qxe2 Nxe5 9. Bxe5 O-O 10. O-O Nd7 11. Bxg7 Kxg7 12. d4 Nf6 1/2-1/2

[Event "Weiße Dame Borbeck 1 - SC Hansa Dortmun"]
[Site "Regionalliga 2017/2018"]
[Date "2018.05.06"]
[Round "9.8"]
[White "Kindermann, Carsten"]
[Black "Zelt, Jens"]
[Result "1/2-1/2"]
[WhiteElo "1908"]
[BlackElo "2076"]
[PlyCount "25"]
[EventDate "2018.??.??"]

1. e4 d6 2. d4 c6 3. Nc3 Nd7 4. g3 e5 5. Nge2 Ne7 6. Bg2 Ng6 7. Be3 Be7 8. O-O
O-O 9. f4 exf4 10. Nxf4 Nf6 11. Qd3 Ng4 12. Bd2 Nxf4 13. Bxf4 1/2-1/2

[Event "SV Kamen 2 - SV Eichlinghofen 1"]
[Site "Verbandsliga, Gruppe 1 2017/2"]
[Date "2018.04.29"]
[Round "9.1"]
[White "Watzlawek, Markus"]
[Black "Rumpf, Thomas"]
[Result "1/2-1/2"]
[WhiteElo "2104"]
[BlackElo "2014"]
[Annotator "Daniel"]
[PlyCount "35"]
[EventDate "2018.??.??"]

1. d4 Nf6 2. c4 c5 3. d5 b5 4. cxb5 a6 5. e3 axb5 6. Bxb5 Qa5+ 7. Nc3 Bb7 8.
Bd2 Qb6 9. Nf3 Nxd5 $11 10. a4 e6 11. O-O Be7 12. Qe2 O-O 13. e4 Nb4 14. Bf4 d6
15. Rfd1 Rd8 16. Rd2 N8c6 17. Rad1 e5 18. Bg5 1/2-1/2

[Event "SV Kamen 2 - SV Eichlinghofen 1"]
[Site "Verbandsliga, Gruppe 1 2017/2"]
[Date "2018.04.29"]
[Round "9.2"]
[White "Koch, Marcel"]
[Black "Schuette, Tobias"]
[Result "1/2-1/2"]
[WhiteElo "1917"]
[BlackElo "2035"]
[PlyCount "42"]
[EventDate "2018.??.??"]

1. d4 Nf6 2. Nf3 c5 3. g3 cxd4 4. Nxd4 e5 5. Nb5 d5 6. Bg5 a6 7. Bxf6 gxf6 8.
N5c3 d4 9. Ne4 f5 10. Ned2 Nc6 11. Bg2 Be6 12. Nb3 h5 13. c3 dxc3 14. Bxc6+
bxc6 15. Qxd8+ Rxd8 16. Nxc3 h4 17. Na5 Bb4 18. Nxc6 Bd5 19. Nxd8 Bxh1 20.
O-O-O Bxc3 21. Rxh1 Bd4 1/2-1/2

[Event "SV Kamen 2 - SV Eichlinghofen 1"]
[Site "Verbandsliga, Gruppe 1 2017/2"]
[Date "2018.04.29"]
[Round "9.3"]
[White "Dreier, Daniel"]
[Black "Neumann, Carsten"]
[Result "0-1"]
[WhiteElo "1910"]
[BlackElo "2007"]
[PlyCount "92"]
[EventDate "2018.??.??"]

1. e4 d6 2. f4 g6 3. Nf3 Bg7 4. Bc4 c6 5. Bb3 a5 6. a4 Nf6 7. Nc3 O-O 8. O-O e5
9. d3 Na6 10. h3 Nc5 11. fxe5 dxe5 12. Bc4 Be6 13. Bxe6 Nxe6 14. Be3 Nh5 15.
Qd2 Qe7 16. Rae1 Rad8 17. Ne2 Nef4 18. Kh2 Qc7 19. g3 Ne6 20. Ng5 Nd4 21. c3
Nxe2 22. Rxe2 Qd6 23. Rd1 Rd7 24. Qe1 Rfd8 25. Red2 Qe7 26. Nf3 Re8 27. Re2 Qf6
28. Rf2 Qe6 29. Qf1 Qb3 30. Ra1 Qe6 31. Rd1 h6 32. Nh4 Qd6 33. Rf3 f5 34. exf5
e4 35. Bf4 Nxf4 36. Rxf4 g5 37. Rg4 gxh4 38. f6 Rf8 39. Rg6 hxg3+ 40. Rxg3 Rxf6
41. Qe2 Rg6 42. Rdg1 Be5 43. Qxe4 Bxg3+ 44. Kh1 Qxd3 45. Qe8+ Kh7 46. Rf1 Qxf1#
0-1

[Event "SV Kamen 2 - SV Eichlinghofen 1"]
[Site "Verbandsliga, Gruppe 1 2017/2"]
[Date "2018.04.29"]
[Round "9.4"]
[White "Traunecker, Thomas"]
[Black "Wloka, Sebastian"]
[Result "1/2-1/2"]
[WhiteElo "1871"]
[BlackElo "1884"]
[PlyCount "56"]
[EventDate "2018.??.??"]

1. c4 e6 2. g3 d5 3. Bg2 Nf6 4. Nf3 c6 5. Qc2 Nbd7 6. O-O e5 7. cxd5 cxd5 8. d4
e4 9. Ne5 Bd6 10. Nxd7 Bxd7 11. Nc3 O-O 12. Bg5 Bc6 13. Rfd1 Be7 14. Rac1 h6
15. Bxf6 Bxf6 16. b4 a6 17. Qb3 Qd7 18. a4 b5 19. axb5 axb5 20. e3 Ra6 21. Ra1
Rfa8 22. Rxa6 Rxa6 23. Bf1 Be7 24. Rb1 g5 25. Be2 Kg7 26. Qb2 f5 27. Qc1 Bd6
28. Qd1 Rb6 1/2-1/2

[Event "SV Kamen 2 - SV Eichlinghofen 1"]
[Site "Verbandsliga, Gruppe 1 2017/2"]
[Date "2018.04.29"]
[Round "9.5"]
[White "Brockmann, Michael"]
[Black "Schulze-Bergcamen, Stefan"]
[Result "1-0"]
[WhiteElo "2002"]
[BlackElo "1940"]
[PlyCount "111"]
[EventDate "2018.??.??"]

1. d4 g6 2. c4 Bg7 3. e4 c5 4. d5 d6 5. Bd3 Nd7 6. f4 e6 7. Nf3 exd5 8. cxd5
Ne7 9. O-O Qb6 10. Rf2 O-O 11. Nbd2 Qc7 12. Qb3 a6 13. a4 Rb8 14. a5 b5 15.
axb6 Nxb6 16. Qa2 Kh8 17. Nc4 f5 18. e5 Nexd5 19. Nxd6 Nb4 20. Qa3 Be6 21. Bf1
Rfd8 22. Ng5 Bg8 23. Qh3 Rxd6 24. exd6 Qxd6 25. Be3 Re8 26. Re1 Rxe3 27. Rxe3
Bd4 28. Ref3 N6d5 29. Qxh7+ Bxh7 30. Nf7+ Kg7 31. Nxd6 Bg8 32. Kh1 Bxf2 33.
Rxf2 Ne3 34. Be2 Bd5 35. Kg1 Kf6 36. Bf3 Bb3 37. Rd2 Nec2 38. Nb7 c4 39. Bd1
Ne3 40. Bf3 Nd3 41. Na5 Nxf4 42. Kf2 Ng4+ 43. Bxg4 fxg4 44. Nxb3 cxb3 45. g3
Ne6 46. Rd5 g5 47. Ke3 Nc7 48. Ra5 Kg6 49. Kd4 Ne6+ 50. Ke5 Nc7 51. Ra3 Nb5 52.
Rxb3 Kh5 53. Rd3 Nc7 54. Kf6 Ne8+ 55. Kf7 Nc7 56. Rd8 1-0

[Event "SV Kamen 2 - SV Eichlinghofen 1"]
[Site "Verbandsliga, Gruppe 1 2017/2"]
[Date "2018.04.29"]
[Round "9.6"]
[White "Bals, Jochen"]
[Black "Dekhtyaryuk, Dimitri"]
[Result "1-0"]
[WhiteElo "1855"]
[BlackElo "1849"]
[PlyCount "107"]
[EventDate "2018.??.??"]

1. e4 d6 2. d4 Nf6 3. Nc3 g6 4. Be2 Bg7 5. Bg5 Nc6 6. Nf3 O-O 7. h3 a6 8. a4 b6
9. O-O Bb7 10. Re1 Re8 11. Bc4 Na5 12. Ba2 e5 13. d5 c5 14. Qd2 Qd7 15. b3 b5
16. Nd1 Qc7 17. c4 bxa4 18. bxa4 Bc8 19. Rb1 Bd7 20. Nc3 Rab8 21. Rxb8 Rxb8 22.
Qc2 Rb4 23. Nd2 Qb8 24. Rb1 Qe8 25. Rxb4 cxb4 26. Ne2 Bxa4 27. Qb2 b3 28. Bxb3
Bxb3 29. Bxf6 Bxf6 30. Nxb3 Nxc4 31. Qa2 Qb5 32. Nd2 Nxd2 33. Qxd2 a5 34. Nc3
Qb4 35. Qc2 Bd8 36. Na4 Bb6 37. Nxb6 Qxb6 38. Qc6 Qb4 39. h4 h5 40. g4 Qe1+ 41.
Kg2 Qxe4+ 42. f3 Qe2+ 43. Kg3 Qe1+ 44. Kh3 hxg4+ 45. fxg4 Qe3+ 46. Kg2 Qc5 47.
Qxc5 dxc5 48. d6 Kf8 49. h5 gxh5 50. gxh5 c4 51. h6 c3 52. h7 Kg7 53. h8=Q+
Kxh8 54. d7 1-0

[Event "SV Kamen 2 - SV Eichlinghofen 1"]
[Site "Verbandsliga, Gruppe 1 2017/2"]
[Date "2018.04.29"]
[Round "9.7"]
[White "Gitschel, Ralf"]
[Black "Finke, Wolfgang"]
[Result "1-0"]
[WhiteElo "1870"]
[BlackElo "1615"]
[Annotator "Daniel"]
[PlyCount "139"]
[EventDate "2018.??.??"]

1. g3 Nf6 2. Bg2 g6 3. d4 Bg7 4. e4 d6 5. Ne2 O-O 6. O-O c5 7. c3 Qc7 8. h3 Nc6
9. Be3 b6 10. Nd2 Bb7 11. Rc1 Rac8 12. f4 Qb8 13. d5 Nd8 14. c4 Nd7 15. Rc2 e6
16. Nc3 exd5 17. exd5 f5 18. Nf3 Nf6 19. Bc1 Re8 20. Re1 Nf7 21. Re6 h6 22.
Rce2 a6 23. Nh4 Kh7 24. Re7 Rxe7 25. Rxe7 Rc7 26. Qe1 Qd8 27. Re2 Bc8 28. Kh2
Bf8 $11 29. Bf1 Re7 30. Qd2 Rxe2+ 31. Bxe2 Bd7 32. Bd3 Nh5 33. Ng2 Nf6 34. Ne3
Bg7 35. Bc2 Qe8 36. Qd3 Nd8 37. Ned1 Nb7 38. Nf2 h5 39. Ne2 b5 40. b3 a5 41.
Ng1 Qe1 42. Be3 bxc4 43. bxc4 Qb4 44. Nf3 a4 45. Bd2 Qb2 46. Bb1 Kg8 47. Kg2
Ne4 48. Nxe4 fxe4 49. Qxe4 Bf5 50. Qe8+ Bf8 51. Bxf5 gxf5 52. Qxa4 Nd8 53. Qd7
Nf7 54. Qxf5 Bg7 55. Qd3 Qxa2 56. g4 hxg4 57. hxg4 Qb2 58. Kg3 Qa1 59. g5 Qd1
60. Qg6 Kf8 61. Qf5 Kg8 62. Qe6 Kf8 63. g6 Nh6 64. Qxd6+ Kg8 65. Qe6+ Kf8 66.
Qc8+ Ke7 67. Qxc5+ Ke8 68. Qc8+ Ke7 69. Qe6+ Kf8 70. Bb4# 1-0

[Event "SV Kamen 2 - SV Eichlinghofen 1"]
[Site "Verbandsliga, Gruppe 1 2017/2"]
[Date "2018.04.29"]
[Round "9.8"]
[White "Tubis, Reiner"]
[Black "Lenz, Helmut"]
[Result "0-1"]
[WhiteElo "1665"]
[BlackElo "1986"]
[PlyCount "78"]
[EventDate "2018.??.??"]

1. e4 d5 2. exd5 Qxd5 3. d4 Nf6 4. c4 Qd6 5. Nc3 a6 6. Nge2 Bf5 7. Bf4 Qd7 8.
Ng3 Bg6 9. a3 e6 10. Be2 Bd6 11. Qd2 O-O 12. O-O Nc6 13. Rad1 Rfe8 14. Bf3 Na5
15. Be2 Nb3 16. Qe3 Bc2 17. Bxd6 Qxd6 18. Nce4 Nxe4 19. Nxe4 Qc6 20. f3 Bxd1
21. Rxd1 Na5 22. Rc1 b6 23. Qg5 e5 24. dxe5 Qg6 25. Bd3 Qxg5 26. Nxg5 h6 27.
Nh3 Rxe5 28. Be4 Rd8 29. Rc3 Rd4 30. b3 Rd2 31. Kf1 Rb2 32. Rd3 g5 33. Rd8+ Kg7
34. Rd7 Nxb3 35. Bd5 Nd2+ 36. Kg1 Re2 37. Rxf7+ Kg6 38. Kh1 Re1+ 39. Ng1 Rbb1
0-1

[Event "SV Bottrop 1 - Sport Union Annen 1"]
[Site "Verbandsliga, Gruppe 1 2017/2"]
[Date "2018.04.29"]
[Round "9.1"]
[White "Mainka, Gregor"]
[Black "Boehm, Joachim"]
[Result "1/2-1/2"]
[WhiteElo "2187"]
[BlackElo "2146"]
[PlyCount "160"]
[EventDate "2018.??.??"]

1. c4 e6 2. Nf3 d5 3. d4 Nf6 4. Qc2 Be7 5. Bg5 O-O 6. Nbd2 Nbd7 7. cxd5 exd5 8.
e3 Re8 9. Bd3 c6 10. O-O Nf8 11. Rfe1 Bg4 12. Ne5 Bh5 13. f4 N6d7 14. Bxe7 Rxe7
15. b4 f6 16. Nef3 Bg6 17. f5 Bf7 18. Kf2 Nb6 19. a4 Rc8 20. Rac1 Rcc7 21. g4
h6 22. Nf1 Nh7 23. h4 Nc8 24. Ng3 Nd6 25. Re2 Qe8 26. Qc5 Ne4+ 27. Bxe4 dxe4
28. Nd2 Bd5 29. Qd6 Rcd7 30. Qf4 a6 31. Ree1 Rd8 32. Rc3 Ra8 33. Rec1 Qb8 34.
Ne2 Qd8 35. Ng3 Qb6 36. Qd6 Rae8 37. Rb1 Qa7 38. Nh5 Nf8 39. Rb2 Qb8 40. Qxb8
Rxb8 41. Nf4 Bf7 42. b5 cxb5 43. axb5 a5 44. b6 a4 45. Ra3 Ra8 46. Rc2 Ra6 47.
Rc8 Re8 48. Rc7 Rxb6 49. Rxa4 Rb2 50. Ke1 Rd8 51. Nxe4 Be8 52. Ra7 Bc6 53. Nc5
Bf3 54. Nce6 Nxe6 55. Nxe6 Re8 56. Rxg7+ Kh8 57. Rg6 Kh7 58. Rxf6 Bxg4 59. Rf7+
Kh8 60. Raxb7 Rxb7 61. Rxb7 Bxf5 62. Ng7 Rxe3+ 63. Kf2 Bc8 64. Rb8 Rc3 65. Nf5
Kh7 66. Ne3 Kg6 67. Nd5 Rc2+ 68. Kg3 Kf7 69. Kf4 Bh3 70. Rb7+ Kg8 71. h5 Rd2
72. Ne7+ Kf8 73. d5 Bg2 74. Ke5 Ke8 75. Ke6 Re2+ 76. Kd6 Bf3 77. Nf5 Rd2 78.
Rb5 Kf7 79. Nxh6+ Kf6 80. Ng8+ Kf7 1/2-1/2

[Event "SV Bottrop 1 - Sport Union Annen 1"]
[Site "Verbandsliga, Gruppe 1 2017/2"]
[Date "2018.04.29"]
[Round "9.2"]
[White "Nowak, Steven"]
[Black "Reinoehl, Christian"]
[Result "0-1"]
[WhiteElo "1931"]
[BlackElo "2081"]
[PlyCount "72"]
[EventDate "2018.??.??"]

1. d4 d5 2. c4 c6 3. Nc3 Nf6 4. cxd5 cxd5 5. Nf3 Nc6 6. Qb3 e6 7. Bg5 Be7 8. e3
O-O 9. Bd3 Bd7 10. O-O Na5 11. Qc2 h6 12. Bh4 Rc8 13. Ne5 Be8 14. Qe2 Nd7 15.
Bg3 Nxe5 16. Bxe5 Nc4 17. Bg3 Qb6 18. Rab1 f5 19. f3 Bf6 20. Bf2 f4 21. e4 Bxd4
22. exd5 Bxf2+ 23. Rxf2 Ne3 24. dxe6 Qxe6 25. Nd1 Bg6 26. Nxe3 fxe3 27. Rff1
Bxd3 28. Qxd3 Rfd8 29. Qb3 Qxb3 30. axb3 Rd2 31. Rfe1 Rcc2 32. Rxe3 Rxg2+ 33.
Kh1 Rxh2+ 34. Kg1 Rxb2 35. Rxb2 Rxb2 36. Rc3 h5 0-1

[Event "SV Bottrop 1 - Sport Union Annen 1"]
[Site "Verbandsliga, Gruppe 1 2017/2"]
[Date "2018.04.29"]
[Round "9.3"]
[White "Wicht, Juergen"]
[Black "Masberg, Stefan"]
[Result "0-1"]
[WhiteElo "2001"]
[BlackElo "1933"]
[PlyCount "90"]
[EventDate "2018.??.??"]

1. d4 Nf6 2. c4 e6 3. Nf3 d5 4. Bg5 Be7 5. Nc3 c6 6. e3 Nbd7 7. Qc2 O-O 8. cxd5
exd5 9. Bd3 h6 10. Bh4 Re8 11. O-O b6 12. Bg3 Bb7 13. h3 a6 14. Rfd1 c5 15.
dxc5 bxc5 16. Bf5 Nb6 17. a4 Bd6 18. Bxd6 Qxd6 19. a5 Nbd7 20. Qb3 Rab8 21.
Bxd7 Qxd7 22. Na4 Bc6 23. Nb6 Qf5 24. Qd3 Qxd3 25. Rxd3 Re4 26. Rc1 c4 27. Rd2
Ree8 28. Nd4 Bb7 29. Ne2 Ne4 30. Rdd1 Rbd8 31. Nf4 Nc5 32. b4 Nb3 33. Rc3 d4
34. Rxc4 dxe3 35. Rxd8 Rxd8 36. fxe3 g5 37. Ne2 Rd2 38. Kf2 Bxg2 39. Rc3 Bxh3
40. Nc4 Ra2 41. Kg3 Be6 42. Nd4 Nxd4 43. exd4 h5 44. Ne5 h4+ 45. Kf3 h3 0-1

[Event "SV Bottrop 1 - Sport Union Annen 1"]
[Site "Verbandsliga, Gruppe 1 2017/2"]
[Date "2018.04.29"]
[Round "9.4"]
[White "Gierse, Heinz-Dieter"]
[Black "Herrmann, Uwe"]
[Result "1-0"]
[WhiteElo "1965"]
[BlackElo "1886"]
[PlyCount "79"]
[EventDate "2018.??.??"]

1. Nf3 Nf6 2. g3 g6 3. Bg2 Bg7 4. O-O d6 5. d3 O-O 6. e4 e5 7. Nbd2 Bg4 8. h3
Bd7 9. c3 Nc6 10. Qc2 Qc8 11. Kh2 Nh5 12. Nc4 f5 13. exf5 gxf5 14. Ng5 Nf6 15.
Ne3 h6 16. Nf3 Ne7 17. Nh4 d5 18. Qb3 Be6 19. c4 c6 20. cxd5 cxd5 21. Bd2 Qd7
22. Bb4 d4 23. Nc4 Nfd5 24. Bxe7 Nxe7 25. Qb4 Bd5 26. Rae1 Bxg2 27. Nxg2 Nd5
28. Qb3 Rfe8 29. Nd2 Kh7 30. Nh4 Rad8 31. Qd1 Qf7 32. Qf3 Rf8 33. Nc4 Qe6 34.
Qe2 Rde8 35. Qh5 b5 36. Nf3 Qg6 37. Qxg6+ Kxg6 38. Ncxe5+ Kh7 39. Nd7 Rxe1 40.
Nxf8+ 1-0

[Event "SV Bottrop 1 - Sport Union Annen 1"]
[Site "Verbandsliga, Gruppe 1 2017/2"]
[Date "2018.04.29"]
[Round "9.5"]
[White "Sondermann, Dirk"]
[Black "Jaeger, Heinz"]
[Result "1-0"]
[WhiteElo "1862"]
[BlackElo "1962"]
[PlyCount "111"]
[EventDate "2018.??.??"]

1. d4 d5 2. Nf3 Nf6 3. c4 e6 4. Nc3 c6 5. e3 Bd6 6. Qc2 Nbd7 7. b3 Bb4 8. Bb2
Ne4 9. Bd3 f5 10. O-O O-O 11. Ne2 Ng5 12. Nxg5 Qxg5 13. f4 Qe7 14. a3 Bd6 15.
c5 Bc7 16. b4 Nf6 17. Nc3 Bd7 18. a4 a6 19. b5 Ng4 20. Qe2 axb5 21. axb5 Qh4
22. h3 Nf6 23. b6 Rxa1 24. Rxa1 Bb8 25. Qf2 Qh6 26. Ne2 Kf7 27. Qg3 g6 28. Kf1
Rg8 29. h4 Ng4 30. Bc1 g5 31. hxg5 Rxg5 32. Ke1 Rg8 33. Qh3 Qg6 34. Ng1 Nf6 35.
Kf1 h5 36. Nf3 Ng4 37. Ng5+ Kg7 38. Bd2 Qf6 39. Ke2 Rh8 40. Be1 Bxf4 41. exf4
Qxd4 42. Ra7 Qxf4 43. Rxb7 Qxg5 44. Rxd7+ Kg6 45. Bd2 Qf6 46. Bc3 Qf8 47. Rd6
Qa8 48. Bxh8 Qa2+ 49. Ke1 Qf2+ 50. Kd1 Qg1+ 51. Kd2 Qf2+ 52. Be2 Qf4+ 53. Kc2
Ne3+ 54. Kb3 Ng4 55. Rxe6+ Kf7 56. Qxh5+ 1-0

[Event "SV Bottrop 1 - Sport Union Annen 1"]
[Site "Verbandsliga, Gruppe 1 2017/2"]
[Date "2018.04.29"]
[Round "9.6"]
[White "Tochtrop, Lothar"]
[Black "Hartung, Thomas"]
[Result "0-1"]
[WhiteElo "1840"]
[BlackElo "1922"]
[PlyCount "64"]
[EventDate "2018.??.??"]

1. e4 e5 2. d4 exd4 3. Nf3 Nc6 4. Bc4 Nf6 5. Ng5 d5 6. exd5 Na5 7. Bb5+ c6 8.
dxc6 bxc6 9. Qf3 Qe7+ 10. Kf1 Qc5 11. Bd3 Be7 12. Ne4 Nxe4 13. Qxe4 f5 14. Qe1
O-O 15. Bd2 Nc4 16. b3 Ne5 17. b4 Nxd3 18. cxd3 Qd6 19. Na3 f4 20. Nc4 Qf6 21.
Rc1 f3 22. h3 fxg2+ 23. Kxg2 Qf3+ 24. Kg1 Bh4 25. Rh2 Bxh3 26. Ne5 Qf5 27. Qe2
Rae8 28. f4 Bg3 29. a4 Bxf4 30. Bxf4 Qxf4 31. Qa2+ Be6 32. Qe2 Qxc1+ 0-1

[Event "SV Bottrop 1 - Sport Union Annen 1"]
[Site "Verbandsliga, Gruppe 1 2017/2"]
[Date "2018.04.29"]
[Round "9.7"]
[White "Jeschke, Holger"]
[Black "Skolarski, Hans-Georg"]
[Result "0-1"]
[WhiteElo "1892"]
[BlackElo "2114"]
[PlyCount "66"]
[EventDate "2018.??.??"]

1. b4 c6 2. Bb2 a5 3. bxa5 Rxa5 4. c4 d6 5. Nc3 Nd7 6. Nf3 Ngf6 7. e3 g6 8. d4
Bg7 9. Bd3 O-O 10. Qc2 e5 11. Ne2 Re8 12. Ng3 exd4 13. Bxd4 Ne5 14. Nxe5 dxe5
15. Bc3 Ra8 16. O-O Qe7 17. Qb2 Nd7 18. e4 Nc5 19. Bc2 Be6 20. Bb3 Nd3 21. Qc2
Nf4 22. Rad1 Qg5 23. Bd2 h5 24. f3 h4 25. Bxf4 exf4 26. Nh1 Rad8 27. Nf2 h3 28.
Nd3 Bd4+ 29. Kh1 c5 30. Ba4 Rf8 31. Rb1 Be3 32. Rxb7 Rxd3 33. Qxd3 Qxg2# 0-1

[Event "SV Bottrop 1 - Sport Union Annen 1"]
[Site "Verbandsliga, Gruppe 1 2017/2"]
[Date "2018.04.29"]
[Round "9.8"]
[White "Bonatis, Reiner"]
[Black "Al Ali, Mohammad"]
[Result "0-1"]
[WhiteElo "1686"]
[BlackElo "1768"]
[PlyCount "94"]
[EventDate "2018.??.??"]

1. e4 e5 2. Nf3 d6 3. Bc4 Nf6 4. Nc3 Bg4 5. h3 Bh5 6. g4 Bg6 7. d3 Nbd7 8. Bg5
Be7 9. Qd2 c6 10. Be3 h6 11. O-O-O a5 12. a4 Qc7 13. Rdg1 O-O-O 14. h4 h5 15.
gxh5 Bxh5 16. Ng5 Rdf8 17. f3 Nb6 18. Bb3 Nh7 19. Qf2 Nd7 20. Rh2 Nxg5 21. hxg5
Qd8 22. Rgh1 Bg6 23. Qg1 Rxh2 24. Rxh2 Rh8 25. Rxh8 Qxh8 26. d4 Qh3 27. f4 exf4
28. Bxf4 Qf3 29. Qe3 Qf1+ 30. Kd2 c5 31. Nd5 Bd8 32. Bxd6 Qg2+ 33. Kd3 Bxg5 34.
Bf4 Qf1+ 35. Kc3 cxd4+ 36. Kxd4 Qd1+ 37. Kc3 Bxf4 38. Qxf4 Qe1+ 39. Kd4 Qg1+
40. Kc4 Qc5+ 41. Kd3 f6 42. Qe3 Kd8 43. Nc3 Qd6+ 44. Bd5 Nc5+ 45. Kc4 Qa6+ 46.
Kd4 Qb6 47. Qh3 Nxe4+ 0-1

[Event "SV Mülheim-Nord 4 - SF Essen-Katernberg"]
[Site "Verbandsliga, Gruppe 1 2017/2"]
[Date "2018.04.29"]
[Round "9.2"]
[White "Sokalskaja, Elena"]
[Black "Stratmann, Holger"]
[Result "1-0"]
[WhiteElo "1915"]
[BlackElo "1981"]
[PlyCount "67"]
[EventDate "2018.??.??"]

1. d4 Nf6 2. Nf3 g6 3. g3 Bg7 4. Bg2 O-O 5. O-O d5 6. c4 dxc4 7. Ne5 c5 8. e3
Qc7 9. Na3 cxd4 10. exd4 c3 11. Qb3 cxb2 12. Bxb2 Nbd7 13. Nb5 Qb6 14. Nc4 Qd8
15. Rfe1 a6 16. Nc3 Rb8 17. Ba3 Re8 18. Bb4 b6 19. Rad1 Bf8 20. Ne5 e6 21. Nc6
Qc7 22. Nxb8 Qxb8 23. Bxf8 Rxf8 24. a4 Bb7 25. d5 exd5 26. Nxd5 Nxd5 27. Bxd5
Bxd5 28. Qxd5 Nc5 29. a5 Ne6 30. Rxe6 fxe6 31. Qxe6+ Kh8 32. axb6 Qe8 33. Qxe8
Rxe8 34. Rd7 1-0

[Event "SV Mülheim-Nord 4 - SF Essen-Katernberg"]
[Site "Verbandsliga, Gruppe 1 2017/2"]
[Date "2018.04.29"]
[Round "9.3"]
[White "Mueller-Clostermann, Bruno"]
[Black "Sokalska, Viktoriya"]
[Result "1-0"]
[WhiteElo "2054"]
[BlackElo "1925"]
[PlyCount "57"]
[EventDate "2018.??.??"]

1. Nf3 d5 2. c4 Nf6 3. cxd5 Nxd5 4. d4 g6 5. e4 Nf6 6. Nc3 Bg7 7. Bc4 c6 8. Qb3
e6 9. a4 Qb6 10. Qa3 Bf8 11. Qa2 Bb4 12. a5 Qc7 13. O-O Bxc3 14. bxc3 Nxe4 15.
Qa3 Nd6 16. Bd3 Nb5 17. Qb3 Qd6 18. Ne5 Nd7 19. Bf4 Qe7 20. Bxb5 cxb5 21. Qxb5
O-O 22. Rab1 Nxe5 23. Bxe5 Rd8 24. Qb4 Qg5 25. f4 Qf5 26. Qe7 Bd7 27. Bc7 Bb5
28. Bxd8 Bxf1 29. Rxf1 1-0

[Event "SV Mülheim-Nord 4 - SF Essen-Katernberg"]
[Site "Verbandsliga, Gruppe 1 2017/2"]
[Date "2018.04.29"]
[Round "9.4"]
[White "Schmidt, Kevin"]
[Black "Sauer, Bernd"]
[Result "0-1"]
[WhiteElo "1863"]
[BlackElo "1902"]
[PlyCount "42"]
[EventDate "2018.??.??"]

1. e4 c6 2. d4 d5 3. Nc3 dxe4 4. Nxe4 Nf6 5. Nxf6+ exf6 6. Bf4 Bd6 7. Bxd6 Qxd6
8. Qd2 Bf5 9. Bc4 O-O 10. Ne2 Nd7 11. O-O Ne5 12. Bb3 Ng6 13. Rad1 Rfe8 14. Ng3
Nh4 15. d5 c5 16. c4 Bh3 17. Qd3 Bxg2 18. Nf5 Bxf1 19. Nxd6 Bxd3 20. Nxe8 Rxe8
21. Ba4 Re1+ 0-1

[Event "SV Mülheim-Nord 4 - SF Essen-Katernberg"]
[Site "Verbandsliga, Gruppe 1 2017/2"]
[Date "2018.04.29"]
[Round "9.5"]
[White "Schmitz, Edgar"]
[Black "Kremer, Moritz"]
[Result "0-1"]
[WhiteElo "1851"]
[BlackElo "1909"]
[Annotator "Daniel"]
[PlyCount "146"]
[EventDate "2018.??.??"]

1. e4 e6 2. d4 d5 3. Nc3 dxe4 4. Nxe4 Bd7 5. Nf3 Bc6 6. Bd3 Be7 7. O-O Nf6 8.
Re1 Nbd7 9. Qe2 Bxe4 10. Bxe4 Nxe4 11. Qxe4 c6 12. Qg4 Bf6 13. c3 h5 14. Qe4
O-O 15. Bf4 g6 16. Rad1 Qa5 17. Bd6 Rfe8 18. Ne5 Nxe5 19. dxe5 Be7 20. a3 Rad8
21. h3 Rd7 22. Rd3 c5 $11 23. Red1 Qb5 24. b4 Bxd6 25. exd6 cxb4 26. axb4 Rc8
27. f4 Rc6 28. Qe5 Qxe5 29. fxe5 b5 30. Kf2 f6 31. exf6 Kf7 32. Ke3 Kxf6 33.
Rf1+ Ke5 34. Rf4 $11 Rcxd6 35. Re4+ Kf6 36. Rdd4 Rxd4 37. cxd4 Rc7 38. Rf4+ Ke7
39. Rf2 Rc4 40. Ra2 Rxb4 41. Rxa7+ Kf6 42. Ra2 g5 43. Ke4 Rb1 44. Rf2+ Ke7 45.
Rc2 b4 46. Kd3 Kf6 47. Rf2+ Kg6 48. Kc2 Re1 49. Kb3 Re4 50. Kxb4 Rxd4+ 51. Kc3
Rf4 52. Ra2 Re4 53. Kd3 Re1 54. Rf2 g4 55. hxg4 hxg4 56. Kd2 Re5 57. Kd3 Kg5
58. g3 Rf5 59. Rg2 Rf1 60. Ke2 Rf3 61. Kd2 Kf5 62. Rg1 e5 63. Ke2 Ke4 64. Kd2
Kd4 65. Ke2 e4 66. Rd1+ Ke5 67. Rg1 Ke6 68. Kd2 Kf5 69. Ke1 e3 70. Ke2 Ke4 71.
Rg2 Rf2+ 72. Rxf2 exf2 73. Kxf2 Kd3 0-1

[Event "SV Mülheim-Nord 4 - SF Essen-Katernberg"]
[Site "Verbandsliga, Gruppe 1 2017/2"]
[Date "2018.04.29"]
[Round "9.6"]
[White "Bartelt, Max Peter"]
[Black "Armbruester, Juergen"]
[Result "1/2-1/2"]
[WhiteElo "1792"]
[BlackElo "1838"]
[PlyCount "99"]
[EventDate "2018.??.??"]

1. d4 Nf6 2. Nf3 d5 3. g3 c6 4. Bg2 e6 5. O-O Be7 6. c4 O-O 7. b3 b6 8. Nbd2
Bb7 9. Bb2 Nbd7 10. Qc2 Rc8 11. e4 dxe4 12. Nxe4 c5 13. Ne5 Nxe4 14. Bxe4 Bxe4
15. Qxe4 cxd4 16. Nc6 Qe8 17. Nxa7 Nc5 18. Qxd4 Bf6 19. Qd2 Rd8 20. Qc2 Bxb2
21. Qxb2 Qd7 22. Nb5 f6 23. Qc2 e5 24. Rad1 Qc6 25. Nc3 Ne6 26. Nd5 Kh8 27. Qe4
Nc5 28. Qe3 Rd6 29. Rd2 Rfd8 30. Rfd1 Ne6 31. Nb4 Qc7 32. Rxd6 Rxd6 33. Rxd6
Qxd6 34. Nd5 Nd4 35. Kf1 h6 36. Qc3 Qc6 37. Ke1 b5 38. h4 Qa8 39. Qb2 bxc4 40.
bxc4 Qa5+ 41. Nc3 Qc5 42. Qb8+ Kh7 43. Qb1+ f5 44. Nb5 Qxc4 45. Nxd4 exd4 46.
Qxf5+ Kg8 47. Qa5 d3 48. Qd2 Qd5 49. Kd1 Qd4 50. Qe3 1/2-1/2

[Event "SV Mülheim-Nord 4 - SF Essen-Katernberg"]
[Site "Verbandsliga, Gruppe 1 2017/2"]
[Date "2018.04.29"]
[Round "9.7"]
[White "Dette, Tim"]
[Black "Kraska, Erwin"]
[Result "1-0"]
[WhiteElo "1818"]
[BlackElo "1535"]
[PlyCount "47"]
[EventDate "2018.??.??"]

1. e4 g6 2. Nf3 Bg7 3. d3 d6 4. Nc3 Nf6 5. g3 Nc6 6. Bg2 O-O 7. O-O Bg4 8. h3
Bd7 9. d4 e5 10. dxe5 dxe5 11. Be3 b6 12. Qe2 Qe7 13. Rad1 Rfd8 14. Nd5 Nxd5
15. exd5 Na5 16. Bg5 Bf6 17. Bxf6 Qxf6 18. Qxe5 Qd6 19. Qd4 c5 20. dxc6 Qxd4
21. Nxd4 Be8 22. c7 Rac8 23. cxd8=Q Rxd8 24. Nb3 1-0